| 000 | 01026cam a22002654a 4500 | ||
|---|---|---|---|
| 001 | 11920484 | ||
| 003 | ARRUPE | ||
| 005 | 20131023180205.0 | ||
| 008 | 000224s2000 dcua b 001 0 eng | ||
| 010 | _a 00026843 | ||
| 020 | _a0878408118 (cloth : alk. paper) | ||
| 040 |
_aDLC _cDLC _dDLC |
||
| 042 | _apcc | ||
| 050 | 0 | 0 |
_aRD120.7 _b.V43 2000 |
| 082 | 0 | 0 |
_a174/.25 _221 |
| 100 | 1 |
_aVeatch, Robert M. _92962 |
|
| 245 | 1 | 0 |
_aTransplantation ethics / _cRobert M. Veatch. |
| 260 |
_aWashington, D.C. : _bGeorgetown University Press, _cc2000. |
||
| 300 |
_axvii, 427 p. : _bill. ; _c27 cm. |
||
| 504 | _aIncludes bibliographical references and index. | ||
| 650 | 0 |
_aTransplantation of organs, tissues, etc. _xMoral and ethical aspects. _92963 |
|
| 906 |
_a7 _bcbc _corignew _d1 _eocip _f20 _gy-gencatlg |
||
| 942 |
_2lcc _cMONOGRAPH |
||
| 999 |
_c118452 _d118452 |
||